Effective project management (Record no. 8574)
[ view plain ]
| 000 -LEADER | |
|---|---|
| fixed length control field | 00472 a2200157 4500 |
| 020 ## - INTERNATIONAL STANDARD BOOK NUMBER | |
| International Standard Book Number | 9971514028 |
| 040 ## - CATALOGING SOURCE | |
| Original cataloging agency | DLC |
| Language of cataloging | DLC |
| 082 ## - DEWEY DECIMAL CLASSIFICATION NUMBER | |
| Classification number | 658.404 |
| 100 ## - MAIN ENTRY--PERSONAL NAME | |
| Personal name | Wysocki, Robert K. |
| 245 ## - TITLE STATEMENT | |
| Title | Effective project management |
| Statement of responsibility, etc. | Wysocki, Robert K. |
| 260 ## - PUBLICATION, DISTRIBUTION, ETC. | |
| Place of publication, distribution, etc. | New York : |
| Name of publisher, distributor, etc. | Wiley, |
| Date of publication, distribution, etc. | c2000. |
| 300 ## - PHYSICAL DESCRIPTION | |
| Extent | xvii, 359 p. : |
| Other physical details | ill. ; |
| Dimensions | 24 cm. + |
| Accompanying material | 1 CD ROM. |
| 500 ## - GENERAL NOTE | |
| General note | Includes bibliographical references and index |
| 650 ## - SUBJECT ADDED ENTRY--TOPICAL TERM | |
| Topical term or geographic name entry element | Project management. |
| 942 ## - ADDED ENTRY ELEMENTS (KOHA) | |
| Koha item type | Book |
| Call number prefix | 658.404 WYS |
| Source of classification or shelving scheme | |
| Withdrawn status | Lost status | Damaged status | Not for loan | Collection code | Permanent Location | Current Location | Shelving location | Date acquired | Source of acquisition | Cost, normal purchase price | Total Checkouts | Full call number | Barcode | Date last seen | Price effective from | Koha item type | Total Renewals | Date last checked out |
|---|---|---|---|---|---|---|---|---|---|---|---|---|---|---|---|---|---|---|
| Central Library (CL) | Central Library (CL) | General Stacks | 11/14/2006 | Allied Book Company | 512.34 | 658.404 WYS | SEECS007758 | 09/12/2025 | 01/05/2017 | Book | ||||||||
| Central Library (CL) | Central Library (CL) | General Stacks | 09/25/2004 | Multi-Line Books | 489.88 | 1 | 658.404 WYS | SEECS004751 | 10/07/2025 | 01/05/2017 | Book | 1 | 03/12/2025 | |||||
| Central Library (CL) | Central Library (CL) | General Stacks | 11/14/2006 | Allied Book Company | 512.34 | 658.404 WYS | SEECS007759 | 07/10/2025 | 01/05/2017 | Book | ||||||||
| Central Library (CL) | Central Library (CL) | General Stacks | 11/14/2006 | Allied Book Company | 512.34 | 1 | 658.404 WYS | SEECS007756 | 10/03/2025 | 01/05/2017 | Book | 1 | 03/12/2025 | |||||
| Central Library (CL) | Central Library (CL) | General Stacks | 11/14/2006 | Allied Book Company | 512.34 | 1 | 658.404 WYS | SEECS007757 | 09/17/2025 | 01/05/2017 | Book | 1 | 02/16/2015 |
